000 00753nam a2200265Ia 4500
003 OSt
005 20221005045745.0
006 a|||||r|||| 00| 0
007 ta
008 221004b |||||||| |||| 00| 0 ben d
020 _cIndian Rupees 18
024 _a39202
037 _bGift, 10/09/2018,
_cTextual
040 _aCRL
_cCRL
_bben
041 _2ben
_aben
082 _aO157,3N38,PD, M1
100 _aDevsen Navneeta
_9396347
245 0 _aPravase daiver bashe
260 _aKolkata
_bMirrao Ghosh Publisher India
_c1981
300 _a111p.
_ccm.
650 _a BENGALI LITERATURE
650 _aBENGALI FICTION
942 _hO157,3N38,PD, M1
_cTEXL
_2cc
999 _c955639
_d955639